Statistics for Square Numbers 1-100

Click here to take the quiz!

General Stats

  • This quiz has been taken 429 times
  • The average score is 40 of 100

Answer Stats

HintAnswer% Correct
1*11
99%
4*416
99%
2*24
99%
3*39
99%
10*10100
98%
5*525
98%
6*636
98%
7*749
98%
8*864
98%
9*981
98%
11*11121
96%
12*12144
95%
13*13169
87%
14*14196
79%
15*15225
79%
20*20400
73%
16*16256
68%
17*17289
60%
30*30900
59%
18*18324
58%
22*22484
58%
19*19361
57%
21*21441
57%
40*401600
55%
50*502500
53%
23*23529
53%
25*25625
53%
24*24576
50%
60*603600
49%
100*10010000
48%
70*704900
47%
80*806400
45%
26*26676
45%
90*908100
44%
27*27729
43%
31*31961
43%
28*28784
42%
29*29841
42%
32*321024
41%
33*331089
39%
35*351225
37%
34*341156
36%
41*411681
35%
36*361296
34%
37*371369
32%
38*381444
32%
39*391521
32%
42*421764
32%
45*452025
32%
43*431849
31%
44*441936
31%
51*512601
30%
46*462116
28%
49*492401
28%
47*472209
27%
48*482304
27%
52*522704
27%
55*553025
27%
53*532809
26%
54*542916
26%
61*613721
26%
56*563136
24%
57*573249
24%
59*593481
24%
64*644096
24%
58*583364
23%
65*654225
23%
62*623844
22%
63*633969
22%
66*664356
21%
71*715041
21%
67*674489
20%
68*684624
19%
69*694761
19%
81*816561
18%
72*725184
17%
75*755625
17%
91*918281
17%
73*735329
16%
74*745476
15%
76*765776
15%
77*775929
15%
78*786084
15%
79*796241
15%
99*999801
15%
85*857225
14%
82*826724
13%
83*836889
13%
84*847056
13%
88*887744
13%
89*897921
13%
92*928464
13%
95*959025
13%
86*867396
12%
87*877569
12%
93*938649
12%
94*948836
11%
96*969216
11%
97*979409
11%
98*989604
11%

Score Distribution

Percentile by Number Answered

Percent of People with Each Score

Your Score History

You have not taken this quiz